Представление документа в формате RUSMARC

ПолеНазваниеЗначение
  Тип записи a
  Библиографический уровень a
001 Контрольный номер RU/CBS_UL/BASE/586194772
005 Дата корректировки 20240209175227.7
100 Данные общей обработки __
a Данные общей обработки 20180729d2018 ||| 0rusy0189 ca
101 Язык документа 0_
a Язык текста rus
102 Страна публикации __
a Страна публикации RU
105 Кодированные данные (монография) __
a Кодированные данные (монография) y###||||000|y
200 Заглавие и сведения об ответственности 1_
a Заглавие Косметика "на зимовке"
b Общее обозначение материала Текст
e Сведения, относящиеся к заглавию [советы по хранению косметичексх средств в домашних условиях]
f Первые сведения об ответственности М. Веснина
300 Общие примечания __
a Общие примечания Ограничения по возрасту -16+
461 Уровень набора _0
1 2000
a Кудесница
463 Уровень физической единицы _0
1 001RU/CBS_UL/BASE/585915932
1 2000
a № 6
v С. 8
1 210
d 2018
606 Тематические рубрики 0_
a Основная рубрика Косметические средства - Хранение
610 Ключевые слова 0_
a Ключевые слова холодильное хранение
610 Ключевые слова 0_
a Ключевые слова лечебная косметика
610 Ключевые слова 0_
a Ключевые слова космецевтическая продукция
610 Ключевые слова 0_
a Ключевые слова термальные воды
686 Индексы других классификаций __
a Классификационный индекс 51.204.1
2 Код системы ББК
700 Автор _1
a Фамилия Веснина
b Имя (инициалы) М.
801 Источник записи _0
a Страна RU
b Организация МБУК ЦБС г. Ульяновска
c Дата составления 20180729
g Правила каталогизации RCR
801 Источник записи _1
a Страна RU
b Организация МБУК ЦБС г. Ульяновска
c Дата составления 20180729
g Правила каталогизации RCR
901 Тип документа __
t Тип документа b
w Контрольный № источника RU/CBS_UL/BASE/585915932
910 Корректоры записи __
a Корректор записи Библиотека 7
938 Служебная информация __
a Имя БД period